[Event "EU-Cup 19th"]
[Site "Rethymno"]
[Date "2003.10.01"]
[Round "4.3"]
[White "Souleidis, Georgios"]
[Black "Sokolov, Ivan"]
[Result "0-1"]
[WhiteElo "2382"]
[BlackElo "2693"]
[Annotator "Lukacs,P"]
[PlyCount "108"]
[EventDate "2003.09.28"]
[EventType "team-swiss"]
[EventRounds "7"]
[EventCountry "GRE"]
[SourceTitle "CBM 098"]
[Source "ChessBase"]
[SourceDate "2004.02.03"]
[SourceVersion "1"]
[SourceVersionDate "2004.02.03"]
[SourceQuality "1"]
[WhiteTeam "Chania Kydon"]
[BlackTeam "Sarajevo Bosna"]
[WhiteTeamCountry "GRE"]
[BlackTeamCountry "BIH"]

1. e4 e5 2. d4 exd4 3. Qxd4 Nc6 4. Qe3 Bb4+ 5. Nc3 Nf6 6. Bd2 O-O 7. O-O-O Re8
8. Qg3 (8. Bc4 d6 (8... Na5 $5 {/\ d5}) 9. f3 Na5 {is the theoretical main
line with good chances for Black.} (9... Ne5 10. Bb3 Be6 {Degraeve-Jonkman,
Mondariz 2000 CBM 79} (10... a5 {is another try targeting the B on b3.} 11. a3
Bc5 12. Qe1 (12. Qg5 c6 13. h4 Be6 14. Bxe6 Rxe6 15. Kb1 a4 16. Na2 Qb6 17. Ka1
d5 18. Ne2 Rd8 19. Nec3 Ra8 20. Ne2 {1/2:1/2 Cacorin-Jonkman, Decin op 1996}) {
The simple} 12... Be6 $5 {deserves attention:} (12... b5 {This P sacrifice
looks a bit risky.} 13. Nxb5 Rb8 14. a4 $5 (14. Ba4 Bd7 15. Qe2 c6 16. Nc3 Be6
$44) 14... Ba6 15. Bxa5 Bxb5 16. axb5 {and Black has to show something for the
P.}) (12... c6 13. Na4 Bxg1 {Usually it is sad, if we have to exchange a
well-developed piece for an undeveloped one.} 14. Qxg1 Nfd7 15. Be3 b5 16. Nb6
Nxb6 17. Bxb6 Qe7 18. Bd4 Be6 19. Bxe5 dxe5 20. Bxe6 Qxe6 21. Kb1 b4 $11 {
Mikhaletz-Romanisin, Ordzhonikidze zt 2000}) 13. Bxe6 fxe6 $13)) 10. Bb3 ({
If White wants to keep the B by} 10. Bd3 {Black has a strong reply} d5 $1 11.
Nge2 (11. Qg5 h6 12. Qg3 d4) 11... c5 $1 $17) (10. Be2 {looks rather passive
taking the place of the g1 N.} Be6 {/\ Nc4} 11. Qg5 Nc4 12. Qb5 c5 13. Bxc4 a6
14. Qxb7 Bxc4 15. Qc6 Rb8 16. Bf4 Bxc3 17. bxc3 Qa5 $19 {Rumiancev-Dubiel,
Zabrzanski Wrezesien op 1994}) 10... Nxb3+ 11. axb3 a5 $1 12. Qf2 Bd7 13. Nge2
a4 14. bxa4 Bxa4 15. Nb1 Bc5 $15 {Romero Holmes-Karpov, Madrid 1992 CBM30.
This is the fundamental game of the whole variation.}) 8... d6 $6 {This allows
White to consolidate his position in the [+].} (8... Nxe4 $6 {gives a lot of
tempi for White.} 9. Nxe4 Rxe4 10. c3 (10. Bf4 Qf6 11. Nh3 (11. Bxc7 d6 12.
Bxd6 $2 Qh6+ $19) 11... d6 12. Bd3 Nd4 (12... Re8 13. Bg5 Qe5 14. Bf4 Qh5 $17)
13. Be3 {(Mieses-Capablanca, Berlin 1913)} Rg4 $1 14. Bxd4 Rxd4 15. c3 Bxc3 16.
bxc3 Rg4 17. Qe3 Qxc3+ 18. Bc2 Qxe3+ 19. fxe3 Rxg2 $17 {Capablanca}) 10... Bf8
11. Bd3 Re8 12. Nf3 $44) (8... Bxc3 $2 9. Bxc3 Rxe4 {gives White the lead of
development again:} 10. Bd3 Re8 11. Nf3 d6 12. Ng5 h6 13. Bh7+ Kf8 (13... Nxh7
$2 14. Ne6 $1) 14. h4 $1 $16) (8... Rxe4 $142 $5 {Black has to take up the
gauntlet!} 9. a3 Bd6 (9... Bxc3 $6 {helps only for White to clarify the
situation.} 10. Bxc3 {^^} d5 (10... d6 11. f3 $44) 11. f3 Re6 12. Ne2 d4 {
Black gives back the P, but White's ^^ is of great importance anyway.} (12...
Rd6 13. Nd4 Nxd4 14. Bxd4 $44) 13. Nxd4 Rd6 14. Qh4 Be6 15. Be2 Nd5 16. Qxd8+
Raxd8 17. Nxe6 Rxe6 18. Bc4 Red6 19. Bd2 $14 {J.Polgar-Hort, Wom-Vet 1995}) (
9... Ba5 {- Smirnov-Kaiumov, Alushta Autumn 2002 CBM 92}) (9... Rg4 $5 10. Qf3
$5 (10. Qe3 Ba5 (10... Bf8 $6 {is too passive:} 11. h3 Rg6 12. Bd3 Rxg2 13.
Nge2 $1 {/\ Nf4} d6 14. Nf4 Rg5 15. Ne6 $1 $16 {Xie Jun-Flear, Hastings 1996
CBM 57}) (10... Bd6 $5 {deserves attention.} 11. f3 Rh4 12. g4 Rxh2 {otherwise
thr R is trapped.} 13. Rxh2 Bxh2 14. g5 Nh5 15. Re1 Ne5 16. Qd4 d6 17. Qh4 Bxg1
18. Qxh5 Bf5 19. f4 {(Degraeve-Gyimesi, Groningen op 1995)} Bf2 $1 20. fxe5
Bxe1 21. Bxe1 Bg6 $15) 11. f3 (11. h3 Rd4 12. Nf3 Bxc3 13. Qxc3 Re4 14. Bd3 Re8
15. Bg5 d5 16. Rhe1 Rxe1 17. Rxe1 Be6 18. Qd2 Rc8 19. Qf4 Qd6 20. Qh4 Ne4 {
1/2:1/2 Kulaots-G.Timoshenko, Chemnitz 1997}) 11... Rg6 {The R can become a
target here.} (11... Rd4 $5) 12. h4 (12. Bd3 Rxg2 13. Nge2 d5) (12. g4 d5)
12... Bb6 13. Qe1 d6 14. h5 Nxh5 15. Rxh5 Bxg1 16. Bd3 {(Shabalov-Comp
Socrates 4, Boston 1994)} Bd4 17. Bxg6 fxg6 $44 {and Black has a strong ^^ and
two pawns for the exchange, P.Blatny.}) (10. Qh3 Bxc3 (10... Ba5 {- 9...Ba5})
11. Bxc3 d5 (11... d6) 12. Bd3 Rc4 13. Qg3 Rxc3 {This exchange sacrifice looks
rather promising.} 14. bxc3 Qe7 $44) 10... Bf8 11. h3 Rd4 12. g4 b6 13. Nb5 {
(Melgosa-Castro Rojas, Barranquilla Carnaval Cup 10.th 1999)} Bb7 $5 {Another
exchange sacrifice...} 14. Nxd4 Na5 15. Qf5 (15. Qf4 Bd6) 15... Be4 (15... Bxh1
16. g5) 16. Qg5 Bxh1 17. Nf5 (17. f3 h6 18. Qe3 Qe8) 17... g6 $13) 10. f4 (10.
Qh3 Re8 11. Nf3 (11. g4 Bf8 {/\ d5} 12. Qg3 d5 13. g5 Bd6 14. Qg2 Ne4 $17 {
(Paragua-Bhat, San Francisco 1999)}) 11... Be7 {This is the caotious reply
avoiding the pin.} (11... Bf8 $6 12. Bg5 h6 13. Nd5 $1 hxg5 14. Nxg5 $36 {
Grabarczyk-Janocha, Krynica 1997}) 12. Bd3 d5 $15) 10... Re8 11. Nf3 (11. Bd3
Bf8 (11... Bc5 12. Nf3) 12. Nf3 d5 {White's real problem is that he has no [+].
} (12... d6 13. Rde1 (13. Ng5 $6 {is met by the counterblow in the [+]:} Nd4
14. Rhe1 Bf5 15. Bxf5 Nxf5 16. Qh3 Nh6 17. Nce4 Nxe4 18. Nxe4 Qc8 19. f5 $5
Qxf5 20. Bxh6 Qxh3 21. gxh3 f5 $1 $17 {Bou Part-Van Riemsdijk, Terrasa op 1999}
) 13... Rxe1+ (13... Bd7 14. f5 Ne5 15. Nxe5 dxe5 16. Rxe5 Rxe5 17. Qxe5 Bd6
18. Qd4 Bc6 $11 {Balzar-Latzke, BL-2 2001}) 14. Rxe1 $44) 13. Rhe1 Rxe1 14.
Rxe1 Ne7 15. Nh4 c5 16. b3 c4 $1 $17 {Varavin-Isaev, Moscow Aeroflot op 2002})
11... Nh5 $5 (11... a6 $6 {is too slow, therefore out of question.} 12. Bd3 b5
13. Rhe1 Bb7 14. Ne4 Nxe4 15. Bxe4 Qf6 16. Ng5 g6 17. Bd5 $16 {
Paragua-Skembris, Torino Scaccomatto op 2000}) (11... Bf8 12. Bd3 {- 11.Bd3}) (
11... Bc5 $142 {is the most active reply} 12. Bd3 d6 (12... d5 13. Rhe1 Rxe1
14. Rxe1 Ne7 15. Nh4 Ng6 16. Nf3 Ne7 17. Ne5 (17. Nh4 {is repetition of moves.}
) 17... Bf5 (17... Nf5 18. Qf3 Nd4 19. Qf1 Bf5 20. Bxf5 Nxf5 21. Qd3 {and the
pawns on the >> will advance.}) 18. Bxf5 Nxf5 19. Qd3 Ne7 20. g4 c6 21. g5 {
(Shabalov-A.Ivanov, USA-ch 1994 CBM 44)} Ne4 22. Nxe4 dxe4 23. Qxe4 Qd5 24. Nd3
Qxe4 25. Rxe4 $14 {P.Blatny}) 13. f5 $5 (13. Rde1 Rxe1+ 14. Rxe1 Ne7 {
(Dubinski-Hait, Russia 1997)} 15. Nh4 Bd7 $15 {Byrne})) 12. Qg4 Nf6 13. Qh3 (
13. Qg3 Nh5 $11 {is a repetition of moves again.}) 13... Bf8 (13... Bc5 $5 14.
g4 d5 15. f5 d4 (15... Ne4 16. Nxe4 dxe4 17. Ng5 h6 18. Nxf7 Kxf7 19. Bc4+ Kf8
20. Bxh6 Qf6 21. Bf4 $44) 16. Bg5 h6 17. Bh4 {with a rather messy position.})
14. g4 d5 {Black has to create counterchances in the [+] against White's -> on
the >>, Zhang Zhong-Koneru, Wijk aan Zee 2003 CBM 93.}) 9. f3 Rb8 {/\ b5, but
this looks a bit sophysticated.} (9... Be6 10. Nh3 Qe7 11. Nf4 {against d6-d5}
Rad8 12. Kb1 $16 {Mieses-Spielman, 1914}) (9... Ne5 10. h4 {/\ h5} ({The usual
preparatory move} 10. Kb1 {is only a loss of time here.} Be6 11. h4 Nh5 12. Qh2
Bc4 13. g4 Bxf1 14. Rxf1 Nf6 15. Nge2 Nc4 16. Bc1 c6 17. g5 Nh5 18. f4 Qb6 $13
{Korneev-Pgorelov, Zaragoza op 1999}) 10... Kh8 (10... c6 $6 {Black ignores
White's threat of advancing the >> pawns.} 11. h5 d5 12. Nge2 Nc4 13. h6 g6 14.
Bg5 Qb6 15. Na4 Qa5 16. Bxf6 Qxa4 17. Nc3 $16 {Morozevich-Hebden, Lloyds Bank
op 1994}) (10... h6 11. Qh2 $5 {/\ g4-g5 is the typical plan here.} (11. Bxh6
$6 Nh5 12. Qg5 Qxg5+ 13. Bxg5 Bxc3 14. bxc3 Ng3 15. Rh2 Nxf1 16. Rxf1 Be6 $44)
(11. h5 Kh8 {- 10...Kh8})) 11. Qh2 $16 {/\ g4 Karpov} (11. Nh3 {as we will see
it later, the N here doesn't promote the P push on the >>.} Nh5 $5 12. Qh2 (12.
Qe1 Bxh3 13. Rxh3 f5 $132 14. exf5 $140 $6 Nxf3 $1 15. Qf2 Nxd2) (12. Qf2 Bc5
13. Qe1 Bxh3 (13... c6 14. Be2 b5 15. g4 Nf6 16. g5 Nfd7 17. h5 Nb6 18. g6 $40
{Parague-D'Amora, Bled ol 2002}) 14. Rxh3 f5 $2 $132) 12... c6 13. a3 Ba5 14.
Ng1 $5 {/\ g4 Karpov, but it looks as a sad necessity.} (14. Ng5 Qe7 15. g4 Nf6
$13) (14. Bg5 Qc7 $5 (14... f6 $2 15. Bd2 $16) 15. b4 Bb6 16. g4 Nxf3 $13) (14.
Nf4 Nxf4 15. Qxf4 Be6 $132) (14. Be2 $2 {allowing the following liquidation.}
Bxh3 $1 {This is the precise move order.} (14... Bxc3 15. Bxc3 Bxh3 {is
strongly met by the intermediate move} 16. g4 $1 Bxg4 17. fxg4 Nf6 18. Qg2 $44)
15. Qxh3 Bxc3 16. bxc3 (16. Bxc3 Nf4 $19) 16... Nf6 $17 {Shirov-Karpov, Dos
Hermanas, 1995})) (11. h5 h6 {Black can successfully blockade the vital g5
square.} 12. Qh4 c6 13. a3 Ba5 14. g4 Nh7 15. Qg3 b5 16. Nh3 b4 17. axb4 Bxb4
$13 {Tokmachev-Butnoris, Birstones op 2002})) 10. h4 Kh8 (10... Nh5 11. Qh2 Be6
12. Nge2 $36) 11. h5 (11. Qh2 $5 {/\ g4}) 11... h6 $1 {If Black can organize a
successful blockade on g5, he can't be worse.} (11... Be6 12. h6 $36) 12. Qh2
b5 (12... Be6 $5 13. g4 Nh7 $5 {deserved attention.} (13... Nd7 14. Qg3 $40))
13. g4 Re5 (13... Bxc3 14. Bxc3 Nh7 15. Ne2 $14) 14. Nge2 Bxc3 (14... Be6 {
is already met by the forceful} 15. g5 $1 hxg5 16. h6 g6 17. Qg2 Nh5 18. a3 $1
Ba5 19. b4 Bb6 20. Rxh5 $1 gxh5 21. f4 $40) 15. Bxc3 Rc5 16. Qf4 (16. Bd2 $1
$16 {/\ g5 gave chances for White for an ->.}) 16... b4 17. Bxf6 Qxf6 18. Qxf6
gxf6 {The _|_ looks also a bit better for White.} 19. Kb1 (19. Nf4 $14) 19...
Be6 20. Nd4 $6 {The exchange of knights is a strategical mistake.} ({Still} 20.
Nf4 {was required.}) 20... Nxd4 21. Rxd4 a5 {Now Black has no problems anymore
because of White's passive P and the weakened dark squares.} 22. Be2 a4 23. Rc1
Kg7 24. b3 Kf8 $5 {Black has to solve the tension on the << rather quickly.} (
24... Ra5 25. Bc4 Ra7 {was also possible.}) (24... axb3 $1 25. cxb3 Rxc1+ 26.
Kxc1 Kf8 27. Bc4 Ke7 $11) 25. Kb2 (25. bxa4 $5 Rc3 26. a5 Ra3 27. a6 Ke7 $132)
25... Ke7 $6 (25... a3+) 26. Rcd1 ({missing the typical " computer" move} 26.
bxa4 $1 Bd7 (26... Rc3 27. Rxb4 $1 $16) 27. Bb5 $16) 26... Rb6 $6 (26... axb3
27. axb3 Ra5 $14) 27. R4d2 (27. bxa4 $1 {was again possible!} Ra5 (27... Bd7
28. Rd5 Rxd5 29. Rxd5 Bxa4 30. Ra5 Bd7 31. Ra7 $16) 28. Bb5 $16) 27... Rbc6 28.
Bd3 (28. bxa4 {is already late because of} Ra5 29. Bb5 Rc3 30. Rd3 c6 $17)
28... Rc3 29. Rg1 R6c5 30. f4 Ra5 31. Rg3 $11 Kf8 32. Rdg2 Rcc5 33. Rg1 Kg7 34.
R1g2 d5 $5 (34... Ra7 $11) 35. exd5 Rxd5 36. Re2 Rd4 37. Re4 (37. Be4 Bd5 $11)
37... a3+ 38. Kc1 Rad5 39. g5 $4 {This loses material without any fight.} (39.
f5 {was required with the follow-up} Bd7 40. Rxd4 Rxd4 41. c3 bxc3 42. Kc2 c5
43. Kxc3 Bc6 $11) 39... Rxe4 40. Bxe4 Rd4 41. gxf6+ (41. gxh6+ Kxh6 42. Bf3 c5
$17) 41... Kxf6 42. Re3 Bg4 $19 43. c3 Rd1+ 44. Kc2 Ra1 45. cxb4 Rxa2+ 46. Kb1
Re2 47. Rxe2 Bxe2 48. Ka2 Bxh5 49. Kxa3 Bg6 50. Bh1 h5 51. b5 Kf5 52. Kb4 Kxf4
53. Kc5 h4 54. Kc6 Bd3 0-1

[Event "Mondariz zt 1.1"]
[Site "Mondariz"]
[Date "2000.09.03"]
[Round "1"]
[White "Degraeve, Jean Marc"]
[Black "Jonkman, Harmen"]
[Result "0-1"]
[WhiteElo "2540"]
[BlackElo "2424"]
[Annotator "Lukacs,P"]
[PlyCount "46"]
[EventDate "2000.09.03"]
[EventType "swiss"]
[EventRounds "11"]
[EventCountry "ESP"]
[SourceTitle "CBM 079"]
[Source "ChessBase"]
[SourceDate "2000.11.21"]
[SourceVersion "1"]
[SourceVersionDate "2000.11.21"]
[SourceQuality "1"]

1. e4 e5 2. d4 exd4 3. Qxd4 {This opening is rare guest in tournament practice
these days. White is neglecting the basic principles of development.} Nc6 4.
Qe3 Nf6 5. Nc3 (5. Bd2 {J.Polgar-Timman, Hoogeveen NED 1999 CBM74}) 5... Bb4 6.
Bd2 O-O 7. O-O-O Re8 8. Bc4 (8. Qg3 {Melgosa-Castro, Barran quilla COL 1999
EXT 2000}) 8... d6 (8... Na5 $5 {/\ d5}) 9. f3 Ne5 (9... Na5 {is the
theoretical main line with good chances for Black.} 10. Bb3 ({If White wants
to keep the B by} 10. Bd3 {Black has a strong reply} d5 $1 11. Nge2 (11. Qg5 h6
12. Qg3 d4) 11... c5 $1 $17) (10. Be2 {looks rather passive taking the place
of the g1 N.} Be6 {/\ Nc4} 11. Qg5 Nc4 12. Qb5 c5 13. Bxc4 a6 14. Qxb7 Bxc4 15.
Qc6 Rb8 16. Bf4 Bxc3 17. bxc3 Qa5 $19 {Rumiancev-Dubiel, Zabrzanski Wrezesien
op 1994}) 10... Nxb3+ 11. axb3 a5 $1 12. Qf2 Bd7 13. Nge2 a4 14. bxa4 Bxa4 15.
Nb1 Bc5 $15 {Romero Holmes-Karpov, Madrid 1992 CBM30. This is the fundamental
game of the whole variation.}) 10. Bb3 Be6 (10... a5 {is another try targeting
the B on b3.} 11. a3 Bc5 12. Qe1 (12. Qg5 c6 13. h4 Be6 14. Bxe6 Rxe6 15. Kb1
a4 16. Na2 Qb6 17. Ka1 d5 18. Ne2 Rd8 19. Nec3 Ra8 20. Ne2 {1/2:1/2
Cacorin-Jonkman, Decin op 1996}) 12... b5 {This P sacrifice looks a bit risky.}
({The simple} 12... Be6 $5 {deserves attention:} 13. Bxe6 fxe6 $13) (12... c6
13. Na4 Bxg1 {Usually it is sad, if we have to exchange a well-developed piece
for an undeveloped one.} 14. Qxg1 Nfd7 15. Be3 b5 16. Nb6 Nxb6 17. Bxb6 Qe7 18.
Bd4 Be6 19. Bxe5 dxe5 20. Bxe6 Qxe6 21. Kb1 b4 $11 {Mikhaletz-Romanisin,
Ordzhonikidze zt 2000}) 13. Nxb5 Rb8 14. a4 $5 (14. Ba4 Bd7 15. Qe2 c6 16. Nc3
Be6 $44) 14... Ba6 15. Bxa5 Bxb5 16. axb5 {and Black has to show something for
the P.}) 11. Bxe6 (11. g4 Nc4 $5 (11... c6 12. g5 (12. Bxe6 fxe6 $13) 12...
Nfd7 13. Bxe6 fxe6 14. f4 Nc4 15. Qd3 b5 (15... Nxd2 16. Qxd2 Nc5 $17) 16. Nge2
Nc5 17. Qd4 Qa5 {and it becomes clear, that Black has come first on the <<.}
18. Nb1 (18. h4 Ba3 $1) 18... Nxd2 19. Nxd2 e5 $1 20. fxe5 dxe5 21. Qe3 Qxa2
$19 {Spielmann-Eliskases, Semmering m 1937}) 12. Bxc4 Bxc4 13. g5 Bc5 14. Qf4
Nd7 15. h4 b5 $132 {and again Black's threats seem to be more realistic,
Ozsvath-Negyesy, Budapest 1960.}) (11. Nge2 Bxb3 (11... Bc5 $5 12. Qg5 Bf2 $6 {
Black wants to catch the Q, but in vain!} (12... Bxb3 13. axb3 c6 {was the
''normal'' continuation.}) 13. h4 h6 (13... Nc4 14. Bxc4 Bxc4 15. Ng3 h6 16.
Qf4 $36 {G.Hansen-Sorensen, Copenhagen op 1994}) 14. Qf4 Ng6 15. Qh2 Bxb3 16.
axb3 Qe7 17. g3 {and the B has to retreat.}) 12. axb3 c6 $15) (11. Nd5 Nxd5 12.
exd5 Bxd2+ 13. Rxd2 Bf5 {and the B on b3 remains passive.}) 11... fxe6 12. Be1
{running away from Nc4.} (12. Nge2 {is already strongly met by} Nc4 13. Qd4 (
13. Qg5 d5) 13... d5 14. exd5 (14. Bg5 c5) 14... exd5 15. Bg5 c6 $1 {
consolidating the [+].} (15... c5 {gives White counterplay against >< d5.} 16.
Qd3 Ne5 17. Qb5 d4 (17... Bxc3 $2 18. Nxc3 d4 19. Qxc5) 18. Ne4 Qd7 19. Qxd7
Nexd7 20. Bxf6 Nxf6 21. Nxf6+ gxf6 22. Ng3 Re6 $11 {leads ''only'' to an equal
_|_.}) 16. Rhe1 (16. b3 {weakens the K's position, and now} c5 $1 {is much
stronger.} 17. Qd3 (17. Qf2 $2 Qa5 $1 18. bxc4 Rxe2 $1 $19) 17... Nb6 $15 ({
but not} 17... Qa5 $6 18. bxc4 Ba3+ (18... d4 19. Nb1 Rxe2 20. a3 $1) 19. Kd2
d4 20. Ke1 $1 (20. Bxf6 gxf6) 20... Rad8 21. Kf2 dxc3 22. Qf5 $14)) (16. Ng3
Bd6 17. Bxf6 Qxf6 18. Qxf6 gxf6 $15) 16... Qb6 17. Bxf6 gxf6 18. Qxb6 (18. Qxf6
$2 Re5 $1 $19) 18... axb6 $15) 12... Qe7 ({Here} 12... Nc4 $6 {is not that
strong:} 13. Qd4 $1 {This is better than} (13. Qd3 d5 14. Nxd5 (14. exd5 exd5
15. Bf2 Ne5 16. Qd2 c5 $17 {with a strong [+] for Black.}) 14... Bxe1 15. Nxf6+
Qxf6 16. Qxc4 Qg5+ 17. Kb1 Qxg2 $17) 13... d5 14. Nxd5 $1 Nxd5 $1 (14... Bxe1
15. Nxf6+ Qxf6 16. Qxf6 {This is the difference!} gxf6 17. Rxe1 $18) 15. Bxb4
$1 (15. exd5 Bxe1 16. Qxc4 Qg5+ 17. f4 Qxg2 18. dxe6 Bd2+) 15... Nde3 (15...
Qg5+ $2 16. Bd2) 16. Qxd8 Raxd8 17. Rxd8 Rxd8 18. Ne2 Nxg2 19. Rg1 $14) 13. f4
$5 (13. Bg3 Bc5 (13... Nc4 {is again met by} 14. Qd4) 14. Qe2 Nc6 {and Black
is again better developed.}) (13. Nge2 Bc5 14. Qg5 Nc4 $36) 13... Nc4 $1 14.
Qd3 {[#]} (14. Qd4 d5 $1 15. exd5 exd5 16. Nxd5 Nxd5 {- 14.Qd3}) 14... d5 $1 {
The better developed party has to open up the position even if it costs a P.}
15. exd5 (15. e5 {closes the position, but creates a beautiful N on e4 for the
opponent.} Bxc3 16. Bxc3 Ne4 $15) 15... exd5 16. Nxd5 (16. Nf3 Qe3+ $15) 16...
Nxd5 17. Qxd5+ Kh8 $1 18. Qxc4 (18. Nf3 Ne3 19. Qb3 Nxd1 20. Bxb4 Qe3+ $17)
18... Qe3+ 19. Kb1 $2 {This founders on the weakness of the back rank.} (19.
Bd2 {was the correct defence, for example:} Bxd2+ 20. Kb1 (20. Rxd2 $2 Qe1+ 21.
Rd1 Rad8 $1 $19) 20... Qxf4 21. Qxf4 Bxf4 22. Nf3 {finishing development.} Re2
23. g3 Bd6 24. Rde1 Rae8 25. Rxe2 Rxe2 26. Re1 Rxe1+ 27. Nxe1 $11) 19... Rad8
$1 $19 {Now White is helpless against the threats on the first rank.} 20. Bd2
Qxd2 $1 21. Ne2 Qxd1+ 22. Rxd1 Rxd1+ 23. Nc1 Rxc1+ 0-1